000 00501nam a2200181Ia 4500
001 3001
005 20260306144848.0
008 260306t2007||||xx |||||||||||||| ||spa||
041 _aESP
082 _a240
_bV63
100 _aVidal, Marciano
_eAUT
245 0 _aOrientaciones éticas para tiempos inciertos :
_bentre la Escila del relativismo y la Caribdis del fundamentalismo
260 _c2007
300 _a423 páginas :
_c23 cm.
650 _aGEN
654 _aCHU
942 _cLIB
_dJUS
_fJUS
_2ddc
_n
999 _c3001
_d3001